000 00907nmm a2200277 a 4500
001 ocm0001864624
003 TR-IsHL
005 20201028171749.0
008 180330s2016 tu tur
007 cr cn
020 _a9786051511870
035 _a1864624
_b(N$T)
050 0 4 _aPL248.A535
_bİ56 2016
090 0 4 _aPL248.A535
_bİ56 2016
100 1 _aBala, Mithat
245 1 0 _aİkinin ikincisi sadık dost: Hz. Ebu Bekir
_h[electronic resource] /
_cMithat Bala ; editör Erol Şahnacı
260 _aİstanbul :
_bHayat Yayınları,
_c2016
300 _a265 p.
650 4 _aDil ve Edebiyat
650 4 _aLanguage and Literature
650 0 _aTürk romanı
650 0 _aTurkis fiction
650 7 _aLITERARY COLLECTIONS / Middle Eastern
_2bisacsh
700 1 _aŞahnacı, Erol
856 4 0 _uhttp://search.ebscohost.com/login.aspx?direct=true&scope=site&db=e011xww&AN=1864624
999 _c16864
_d16864